| 000 | 00383nam a2200145Ia 4500 | ||
|---|---|---|---|
| 008 | 231129s2012||||xx |||||||||||||| ||spa|| | ||
| 020 | _a978-607-13-0067-6 | ||
| 040 | _bspa | ||
| 082 | _aA863 B576j | ||
| 100 | _aBialet Graciela | ||
| 245 | 0 | _aEl jamón del sándwich | |
| 260 | _c2012 | ||
| 264 | _aBogotá Colombia : Norma | ||
| 942 |
_2ddc _cBKS |
||
| 999 |
_c11387 _d11387 |
||